00258nam a2200121Ia 4500008004100000041000800041082001400049100001900063260002300082245001700105250000600122300000800128220805s9999 xx 000 0 und d amar a809 613.7 aDiwekar,Rutuja bWestland Ltdc2016 aThyroid Book a1 a187